000 00695cam a2200241 i 4500
999 _c3857
_d3857
001 4201934
003 GZU
005 20210310100554.0
008 801023s1980 enka d 000 0 eng
010 _a 80503713
015 _aGB***
020 _a0370302761 :
_c£6.95
040 _aDLC
_cDLC
_dDLC
050 0 0 _aML108
_b.HEA 1980
082 0 0 _a780/.3/21
_219
100 1 _aHeadington, Christopher.
245 1 0 _aIllustrated dictionary of musical terms /
_cChristopher Headington.
260 _aLondon :
_bBodley Head,
_c1980.
300 _a159 p. :
_bill. ;
_c24 cm.
650 0 _aMusic
_xDictionaries.
906 _a7
_bcbc
_corignew
_d4
_encip
_f19
_gy-gencatlg
942 _2lcc
_cBK
_h108
_iHEA
_kML